Welcome to the Holygrace Academy Library

Please use search bar below to get started

SCIENTISTS OF INTERNATIONAL REPUTE (Record no. 6422)

MARC details
000 -LEADER
fixed length control field 00271nam a22001217a 4500
082 ## - DEWEY DECIMAL CLASSIFICATION NUMBER
Classification number 920
Item number GOP/S
100 ## - MAIN ENTRY--AUTHOR NAME
Personal name GOPALAN,SHANTI
245 ## - TITLE STATEMENT
Title SCIENTISTS OF INTERNATIONAL REPUTE
260 ## - PUBLICATION, DISTRIBUTION, ETC. (IMPRINT)
Place of publication INDIA
Name of publisher SURA BOOKS
300 ## - PHYSICAL DESCRIPTION
Number of Pages 92
650 ## - SUBJECT ADDED ENTRY--TOPICAL TERM
Topical Term BIOGRAPHIES
Geographic subdivision INDIA
942 ## - ADDED ENTRY ELEMENTS (KOHA)
Koha item type Books
Holdings
Withdrawn status Lost status Collection code Home library Current library Shelving location Date acquired Source of acquisition Full call number Accession Number Koha item type
    Reference Main Library Main Library SHELF-17-L-BIOGRAPHIES & AUTOBIOGRAPHIES 18/05/2017 PURCHASE 920 GOP/S 07848 Books